<?xml version="1.0" encoding="UTF-8"?>
<marc:record xmlns:marc="http://www.loc.gov/MARC21/slim">
   <marc:leader>00000nam a2200000 a 4500</marc:leader>
   <marc:datafield ind1="1" ind2=" " tag="100">
      <marc:subfield code="a">Kumm, Ann-Christin</marc:subfield>
      <marc:subfield code="4">aut</marc:subfield>
      <marc:subfield code="e">Verfasser/-in</marc:subfield>
   </marc:datafield>
   <marc:datafield ind1="0" ind2="0" tag="245">
      <marc:subfield code="a">Ultramarin</marc:subfield>
   </marc:datafield>
   <marc:datafield ind1="0" ind2="0" tag="245">
      <marc:subfield code="b">Roman</marc:subfield>
   </marc:datafield>
   <marc:datafield ind1="0" ind2="0" tag="245">
      <marc:subfield code="c">Ann-Christin Kumm</marc:subfield>
   </marc:datafield>
   <marc:datafield ind1=" " ind2="1" tag="264">
      <marc:subfield code="a">Berlin</marc:subfield>
      <marc:subfield code="b">Hanser Berlin in Carl Hanser Verlag GmbH &amp; Co. KG</marc:subfield>
      <marc:subfield code="c">2026</marc:subfield>
   </marc:datafield>
   <marc:datafield ind1=" " ind2=" " tag="250">
      <marc:subfield code="a">1. Auflage</marc:subfield>
   </marc:datafield>
   <marc:datafield ind1="1" ind2=" " tag="520">
      <marc:subfield code="a">Verführerisch, verstörend und absolut gegenwärtig: Voll schimmernder Ambivalenz schreibt Ann-Christin Kumm in ihrem Debüt von Herkunft, Queerness, Macht und Intimität.

Die Sommer gehören Lou und seinem charismatischen Freund Raf, dessen Anziehungskraft sich niemand entziehen kann, am allerwenigsten Lou. Doch diesmal ist es anders: Auch die blonde Nora steigt mit ins Auto an die dänische Küste. In einem alten Ferienhaus in den Dünen leben die drei in den Tag hinein, springen in die Wellen, rauchen, kochen, streichen umeinander herum. Was von außen wie ein unbeschwerter Urlaub scheint, eröffnet in dieser neuen Konstellation langsam dunkle Abgründe. Lou ist sich auf einmal nicht mehr sicher: Will Raf noch seine Nähe oder verachtet er ihn für seine Ergebenheit? Und warum verschwindet Nora eines Nachmittags ohne ein Wort? Ann-Christin Kumms Debüt ist ein psychologisch meisterhaft konstruiertes und erotisch flirrendes Spiel mit Macht, Manipulation und Begehren.
</marc:subfield>
   </marc:datafield>
   <marc:datafield ind1=" " ind2=" " tag="020">
      <marc:subfield code="a">9783446286757</marc:subfield>
      <marc:subfield code="9">9783446286757</marc:subfield>
   </marc:datafield>
   <marc:datafield ind1=" " ind2=" " tag="020">
      <marc:subfield code="a">3446286756</marc:subfield>
      <marc:subfield code="9">3446286756</marc:subfield>
   </marc:datafield>
   <marc:datafield ind1=" " ind2=" " tag="041">
      <marc:subfield code="a">ger</marc:subfield>
   </marc:datafield>
   <marc:datafield ind1=" " ind2=" " tag="300">
      <marc:subfield code="a">224 Seiten</marc:subfield>
   </marc:datafield>
</marc:record>
